Voda a Země

Salvato in:
Dettagli Bibliografici
Autore principale: Pačes, Tomáš
Natura: Libro
Lingua:ceco
Pubblicazione: Praha Academia 1982
Serie:Cesta k vědění č. 30
Tags: Aggiungi Tag
Nessun Tag, puoi essere il primo ad aggiungerne!!

MARC

LEADER 00000nam a2200000 4500
001 c137514
005 20230321093501.6
041 0 |a cze 
044 |a CZ 
245 1 0 |a Voda a Země  |c Tomáš Pačes 
264 1 |a Praha  |b Academia  |c 1982 
300 |a 174 s. 
490 1 |a Cesta k vědění  |v č. 30 
830 0 |a Cesta k vědění  |v č. 30 
100 1 |a Pačes, Tomáš